UBT Library

Language awareness : (Record no. 39911)

000 -LEADER
fixed length control field 00872cam a2200265 a 4500
001 - CONTROL NUMBER
control field 15508356
005 - DATE AND TIME OF LATEST TRANSACTION
control field 20180109072651.0
008 - FIXED-LENGTH DATA ELEMENTS--GENERAL INFORMATION
fixed length control field 081103s2009 nyua b 001 0 eng
010 ## - LIBRARY OF CONGRESS CONTROL NUMBER
LC control number 2008940925
020 ## - INTERNATIONAL STANDARD BOOK NUMBER
International Standard Book Number 9780312463410 (instructor's edition)
020 ## - INTERNATIONAL STANDARD BOOK NUMBER
International Standard Book Number 0312463413 (instructor's edition)
020 ## - INTERNATIONAL STANDARD BOOK NUMBER
International Standard Book Number 9780312463168
020 ## - INTERNATIONAL STANDARD BOOK NUMBER
International Standard Book Number 0312463162
040 ## - CATALOGING SOURCE
Original cataloging agency DLC
Transcribing agency DLC
Modifying agency DLC
041 ## - LANGUAGE CODE
Language code of text/sound track or separate title eng
080 ## - UNIVERSAL DECIMAL CLASSIFICATION NUMBER
Universal Decimal Classification number 426.8 CLA
082 ## - DEWEY DECIMAL CLASSIFICATION NUMBER
Edition number 426.8 CLA
100 ## - Rafti
Rafti 46
101 ## - Shkurtesa
Shkurtesa EDU
245 00 - TITLE STATEMENT
Title Language awareness :
Statement of responsibility, etc [edited by] Paul Eschholz, Alfred Rosa, Virginia Clark.
504 ## - BIBLIOGRAPHY, ETC. NOTE
Bibliography, etc Includes bibliographical references and index.
906 ## - LOCAL DATA ELEMENT F, LDF (RLIN)
a 7
b cbc
c orignew
d 2
e epcn
f 20
g y-gencatlg
942 ## - ADDED ENTRY ELEMENTS (KOHA)
Source of classification or shelving scheme
Item type Books
Holdings
Withdrawn status Lost status Source of classification or shelving scheme Damaged status Not for loan Collection code Permanent location Current location Shelving location Date acquired Total Checkouts Full call number Barcode Date last seen Price effective from Koha item type
          Koleksioni i përgjithshem UBT - Lipjan UBT - Lipjan Koleksioni i përgjithshem 01/09/2018   426.8 CLA 002-2994968 01/09/2018 01/09/2018 Books
UBT Library © 2015-2024. All rights reserved University Education for Business and Technology